Gaming Quiz

Random Gaming Quiz

Kingdom hearts characters Quiz Stats

 Plays Quiz not verified by Sporcle

Score 0/11 Timer 10:00
0 Plays Today
Hint Answer % Correct
Character 1Sora
100%
Character 3Kairi
100%
Character 2Riku
98.1%
Character 4Goofy
94.4%
Character 5Donald
94.4%
Character 11Ansem
77.8%
Character 6King Mickey
66.7%
Character 9Alice
25.9%
Character 10Hades
24.1%
Character 8Beast
18.5%
Character 7Jack Skeleton
9.3%

You're not logged in!

Compare scores with friends on all Sporcle quizzes.
OR
Log In

Show Comments

Extras

Created Feb 24, 2014ReportNominate
Tags:character, heart, kingdom

Top Quizzes Today


Score Distribution

Your Account Isn't Verified!

In order to create a playlist on Sporcle, you need to verify the email address you used during registration. Go to your Sporcle Settings to finish the process.

Report this User

Report this user for behavior that violates our Community Guidelines.

Details: